Journey of the dead /

The story of Sheriff Pat Garrett who killed Billy the Kid. The two men were poker buddies and although Garrett was doing his duty by shooting an escaped outlaw, he suffers from guilt at having killed a friend. By the author of Billy Gashade.

Saved in:
Bibliographic Details
Main Author: Estleman, Loren D.
Format: Book
Language:English
Published: New York : Forge, 1998.
Edition:1st ed.
Subjects:
Tags: Add Tag
No Tags, Be the first to tag this record!
LEADER 01145nam a22003258a 4500
001 007720703-3
005 20020606104010.5
008 970731s1998 nyu 000 1 eng
010 |a  97034381  
020 |a 0312859996 (alk. paper) 
035 0 |a ocm37426436 
040 |a DLC  |c DLC 
043 |a n-usp-- 
050 0 0 |a PS3555.S84  |b J6 1998 
082 0 0 |a 813/.54  |2 21 
100 1 |a Estleman, Loren D. 
245 1 0 |a Journey of the dead /  |c Loren D. Estleman. 
250 |a 1st ed. 
260 |a New York :  |b Forge,  |c 1998. 
300 |a 251 p. ;  |c 22 cm. 
500 |a "A Tom Doherty Associates book." 
520 |a The story of Sheriff Pat Garrett who killed Billy the Kid. The two men were poker buddies and although Garrett was doing his duty by shooting an escaped outlaw, he suffers from guilt at having killed a friend. By the author of Billy Gashade. 
600 1 0 |a Garrett, Pat F.  |q (Pat Floyd),  |d 1850-1908  |v Fiction. 
600 0 0 |a Billy,  |c the Kid  |v Fiction. 
650 0 |a Outlaws  |x Fiction. 
655 7 |a Fiction.  |2 fast 
655 7 |a Biographical fiction.  |2 gsafd 
655 7 |a Western stories.  |2 gsafd 
988 |a 20020608 
906 |0 DLC